Statistická ročenka průmyslu 1983 výsledky roku 1983 ve srovnání s rokem 1982

Saved in:
Bibliographic Details
Format: Book
Language:Czech
Published: Praha Federální statistický úřad 1984
Tags: Add Tag
No Tags, Be the first to tag this record!

MARC

LEADER 00000nam a2200000 4500
001 c112839
005 20260129072211.8
041 0 |a cze 
044 |a CZ 
245 1 0 |a Statistická ročenka průmyslu 1983  |b výsledky roku 1983 ve srovnání s rokem 1982 
264 1 |a Praha  |b Federální statistický úřad  |c 1984 
300 |a 348 s.